The Bugatti Queen : (Record no. 588760)

MARC details
000 -LEADER
fixed length control field 00460nam a2200193 a 4500
008 - FIXED-LENGTH DATA ELEMENTS--GENERAL INFORMATION
fixed length control field 250922s2005##################000#0#eng##
020 ## - INTERNATIONAL STANDARD BOOK NUMBER
ISBN 9780743478595
082 04 - DEWEY DECIMAL CLASSIFICATION NUMBER
Classification number 796
Item number SEY
100 1# - MAIN ENTRY--AUTHOR NAME
Personal name Seymour, Miranda,
245 10 - TITLE STATEMENT
Title The Bugatti Queen :
260 ## - PUBLICATION, DISTRIBUTION, ETC. (IMPRINT)
Year of publication 2005.
300 ## - PHYSICAL DESCRIPTION
Number of Pages 301 pages
650 #0 - SUBJECT ADDED ENTRY--TOPICAL TERM
Topical Term Automobile racing drivers.
942 ## - ADDED ENTRY ELEMENTS (KOHA)
Koha item type English Books
Holdings
Withdrawn status Lost status Damaged status Not for loan Home library Current library Shelving location Date acquired Full call number Accession Number Price effective from Koha item type
        Anna Centenary Library Anna Centenary Library 6TH FLOOR, B WING 22.09.2025 796 SEY 446698 22.09.2025 English Books

Find us on the map